La gobernanza de la diversidad religiosa: personalidad y territorialidad en las sociedades multiculturales

I tiakina i:
Ngā taipitopito rārangi puna kōrero
Kaituhi matua: Pérez-Madrid, Francisca (directora)
Ētahi atu kaituhi: Gas Aixendri, Montserrat (directora)
Hōputu: Pukapuka
Reo:Ingarihi
Pāniora
I whakaputaina: Navarra, España Aranzadi S. A 2013
Ngā marau:
Ngā Tūtohu: Tāpirihia he Tūtohu
Kāore He Tūtohu, Me noho koe te mea tuatahi ki te tūtohu i tēnei pūkete!

MARC

LEADER 00000nam a22000007a 4500
003 CL-VaPUC
005 20230823124253.0
008 200228b ||||| |||| 00| 0 eng d
999 |c 416830  |d 416828 
020 |a 9788490590928 
040 |c Pontificia Universidad Católica de Valparaíso 
041 0 |a spa 
082 |a 344.096 PER 2013 
100 1 |a Pérez-Madrid, Francisca  |e directora  |9 719827 
245 1 3 |a La gobernanza de la diversidad religiosa:  |b  personalidad y territorialidad en las sociedades multiculturales 
260 3 |a Navarra, España  |b Aranzadi S. A  |c 2013 
300 |a 430 p 
505 |a I. La diversidad religiosa en España y América Latina: comunidades judías e islámicas. II. La diversidad religiosa en el Estado de Israel. III. La diversidad religiosa en el ámbito internacional. IV. Principios para la gestión de la diversidad religiosa. 
583 |c 20200228  |k Daniel Castañeda 
650 0 0 |a Derecho eclesiástico del Estado   |9 719828 
650 0 0 |a DIVERSIDAD RELIGIOSA  |9 719829 
650 0 0 |a LIBERTAD DE CULTO  |9 403246 
650 0 0 |a Judaísmo  |9 269348 
650 0 0 |a Islamismo  |9 314084 
650 0 0 |a JUDIOS EN ESPAÑA  |9 269080 
650 0 0 |a JUDIOS EN LATINO AMERICA  |9 719830 
651 0 0 |a América Latina   |9 255027 
651 0 0 |a España  |9 254926 
700 1 |a Gas Aixendri, Montserrat  |e directora  |9 719831 
942 |2 ddc  |c BK 
952 |0 0  |1 0  |2 ddc  |4 0  |6 344_096000000000000_PER_2013  |7 0  |9 551512  |a BIBDER  |b BIBDER  |d 2020-02-28  |i 5616506  |o 344.096 PER 2013  |p 5616506  |r 2023-01-25  |t 1  |w 2020-02-28  |y BK  |k DER